Bytový dom v Nitre

Salvato in:
Dettagli Bibliografici
Autore principale: Száraz, Attila (Autore)
Altri autori: Makýš, Oto (Relatore della tesi)
Natura: Manoscritto Libro
Lingua:slovacco
Pubblicazione: 2025
Soggetti:
Accesso online:http://is.stuba.sk/zp/portal_zp.pl?podrobnosti=185424
CRZP
Tags: Aggiungi Tag
Nessun Tag, puoi essere il primo ad aggiungerne!!

MARC

LEADER 00000ntm a22000003a 4500
001 stuzp106132
003 SK-STU
005 20250729133835.7
007 ta
008 150427s2015----xo-----f-mn---000-0-slo-d
040 |a STU  |b slo 
041 0 |a slo 
100 1 |a Száraz, Attila  |u 010270  |4 aut  |U SvF Stavebná fakulta  |T SvF Katedra technológie stavieb  |X 122883  |U V270  |Y 28  |7 122883 
242 0 1 |a Dwelling House in Nitra  |y eng 
245 1 0 |a Bytový dom v Nitre 
260 |c 2025 
650 4 |a Bytový dom  |2 slo 
650 4 |a Keramická dlažba  |2 slo 
650 4 |a Povrchová úprava  |2 slo 
650 4 |a Dwelling house  |2 eng 
650 4 |a Surface treatment  |2 eng 
650 4 |a Ceramic tile  |2 eng 
700 1 |a Makýš, Oto  |u 010270  |k Z1  |4 ths  |U SvF Stavebná fakulta  |T SvF Katedra technológie stavieb  |X 832  |U V270  |Y 28  |7 A000000832 
856 4 |u http://is.stuba.sk/zp/portal_zp.pl?podrobnosti=185424 
856 4 |u https://opac.crzp.sk/?fn=detailBiblioForm&sid=C9A1C75A261DD259FD84441E26A3  |z CRZP